Statistics for The Life of Winston Churchill

Click here to take the quiz!

General Stats

  • This quiz has been taken 10,597 times
  • The average score is 13 of 21

Answer Stats

HintAnswer% Correct
Term coined by Churchill for the line dividing Communist and free Europe{Iron} Curtain
96%
His political partyConservative
91%
The other two members of the "Big 3" Allied leaders during WWIIFranklin D. Roosevelt
89%
The other two members of the "Big 3" Allied leaders during WWIIJoseph Stalin
87%
Churchill was "alarmed and nauseated" by this "half naked" Indian leaderMahatma Gandhi
86%
This was their finest ____hour
81%
Prize that he won for his memoirs and historical writingNobel Prize in Literature
80%
Prime Minister who preceded Churchill and tried to appease HitlerNeville Chamberlain
78%
I have nothing to offer but blood, toil, tears, and _____sweat
75%
Never ... was so much owed by so many to __ ___so few
73%
Conferences where the "Big 3" met (name either)Yalta / Tehran
73%
We shall fight on the _______beaches
69%
A riddle wrapped in a mystery inside an _____enigma
64%
... until he was demoted for planning this disastrous invasion in Turkey{Gallipoli} Campaign
56%
Churchill held this position during WWIFirst Lord of the {Admiralty}
54%
During WWI, he helped to develop this new military technologyTanks
46%
Prime Minister who served between Churchill's two termsClement Attlee
42%
Broadly speaking, _____ words are bestshort
28%
His fatherLord {Randolph} Churchill
26%
... and then served as officer in this regimentRoyal {Scots} Fusiliers
17%
Churchill's country estateChartwell
14%

Score Distribution

Percentile by Number Answered

Percent of People with Each Score

Your Score History

You have not taken this quiz